| 000 | 00781nam a22002537a 4500 | ||
|---|---|---|---|
| 999 |
_c6076 _d6076 |
||
| 003 | AR-CdUCM | ||
| 008 | 190313b ||||| |||| 00| 0 spa d | ||
| 020 | _a84-350-1518-1 | ||
| 040 |
_aMUNICIPALIDAD PROVINCIAL DEL CUSCO _cBIBLIOTECA MUNICIPAL DEL CUSCO |
||
| 082 |
_a838.93 / _bH39 |
||
| 100 |
_aHesse, Hermann _91664 |
||
| 245 | _aNarciso y Goldmundo / | ||
| 260 |
_aEspaña : _bEdhasa, _c1976. |
||
| 300 |
_a411 paginas ; _c18 cm. |
||
| 440 |
_aColección horizonte _914516 |
||
| 500 | _aDonación familia Nieto. | ||
| 505 | _aContenido :Narciso y Goldmundo. | ||
| 650 |
_aNovelas alemanas _92845 |
||
| 650 |
_aLiteratura española _9362 |
||
| 650 |
_aLiteratura del siglo xx _97647 |
||
| 700 |
_aTobio, Luis (traductor) _917689 |
||
| 942 |
_2ddc _cLIBROS |
||
| 945 | _arum | ||